| 000 | 00701nam a2200265Ia 4500 | ||
|---|---|---|---|
| 003 | OSt | ||
| 005 | 20221006142829.0 | ||
| 006 | a|||||r|||| 00| 0 | ||
| 007 | ta | ||
| 008 | 221006b |||||||| |||| 00| 0 eng d | ||
| 020 |
_a0099653003 _c252.00 |
||
| 024 | _a7,302 | ||
| 037 | _cTextual | ||
| 040 |
_aEASL _cEASL _beng |
||
| 041 |
_2eng _aeng |
||
| 082 | _aV42:1917,(zM), M6 | ||
| 100 |
_aHOYT Edwin P _9427265 |
||
| 245 | 0 |
_aJapan's war _b The great Pacfic conflict 1853-1952 |
|
| 260 |
_aLondon _bArrow Books _c1986 |
||
| 300 |
_a514p. _ccm. |
||
| 490 | _v JEL | ||
| 650 | _aJEL | ||
| 942 |
_hV42:1917,(zM), M6 _cTEXL _2CC |
||
| 999 |
_c1075388 _d1075388 |
||